000 00683cam a2200253 a 4500
001 16548365
005 20180116080114.0
008 101122s2010 mauab b 001 0 eng
010 _a 2010941586
020 _a1111342881
040 _aDLC
_cDLC
_dDLC
041 _aeng
042 _apcc
043 _an-us---
080 _a32 COC
082 _a32 COC
100 _a19
101 _aPOL
245 0 0 _aAmerican public policy :
_cClarke E. Cochran...[et al.].
504 _aIncludes bibliographical references and index.
906 _a7
_bcbc
_corignew
_d2
_eepcn
_f20
_gy-gencatlg
942 _2ddc
_cBK
999 _c40373
_d40373